000
00278cam a22001217a 4500
008
180718b1963 xxu||||| |||| 00| 0 eng d
082
_a
T251 D35
100
_a
Deb, A.
245
_a
Foremanship
_c
by A. Deb
260
_a
Bombay
_b
Asia
_c
1963
300
_a
150p.
650
_a
Foreman
999
_c
363745
_d
363745